| 000 | 01056cam a2200301 4500 | ||
|---|---|---|---|
| 008 | 090401t1996 xxu||||| |||| 00| 0 eng d | ||
| 020 | _a0117533475 | ||
| 035 | _a(Sirsi) u7716 | ||
| 041 | _aeng | ||
| 050 |
_a333.73 _c18 |
||
| 110 |
_aUnited Kingdom _bDepartment of the Environment _9982 |
||
| 245 |
_aMinerals planning guidance _bthe reclamation of mineral workings. |
||
| 250 | _aRev. ed. | ||
| 260 |
_aLondon _bStationery Office _c1996 |
||
| 300 |
_a53p. _c30cm. |
||
| 350 | _a12 | ||
| 490 |
_aMPG _v7 |
||
| 520 | _aA revised edition of the MPG dealing with policies, consultations and conditions for the effective reclamation of mineral workings. View at www.planning.odpm.gov.uk. | ||
| 520 | _aSuperseded first edition (ISBN 0117522341). | ||
| 650 | _aLAND RECLAMATION | ||
| 650 | _aMINERAL PLANNING | ||
| 650 | _aMINERAL WORKINGS | ||
| 650 | _aMPG7 | ||
| 690 | _aMINING AND MINERALS | ||
| 856 |
_uhttps://www.communities.gov.uk/index.asp?id=1144192 _vView the guidance on the ODPM website... |
||
| 942 | _n0 | ||
| 948 | _c04/03/1997 | ||
| 999 |
_c86433 _d86433 |
||